Trestní odpovědnost bank zesílí
Zákon o trestnej zodpovednosti č. 418/2011 Sb. a pripravovaná novela trestno-právnej zodpovednosti právnických osôb v Českej republike. Pravidlá zákona a ich dopad na banky a finančné inštitúcie v ČR. Jedinečné postavenie Českej národnej banky v zákone o trestnej zodpovednosti právnických osôb.
Salvato in:
| Autore principale: | |
|---|---|
| Natura: | Capitolo di libro |
| Lingua: | ceco |
| Soggetti: | |
| Tags: |
Nessun Tag, puoi essere il primo ad aggiungerne!!
|
MARC
| LEADER | 00000naa a2200000 4500 | ||
|---|---|---|---|
| 001 | 0191174 | ||
| 005 | 20231211083434.6 | ||
| 041 | 0 | |a cze | |
| 044 | |a CZ | ||
| 245 | 1 | 0 | |a Trestní odpovědnost bank zesílí |c Jan Hanuš |
| 520 | |a Zákon o trestnej zodpovednosti č. 418/2011 Sb. a pripravovaná novela trestno-právnej zodpovednosti právnických osôb v Českej republike. Pravidlá zákona a ich dopad na banky a finančné inštitúcie v ČR. Jedinečné postavenie Českej národnej banky v zákone o trestnej zodpovednosti právnických osôb. | ||
| 610 | 2 | 0 | |a Česko |
| 610 | 2 | 0 | |a právo trestné |
| 610 | 2 | 0 | |a zodpovednosť trestná |
| 610 | 2 | 0 | |a zodpovednosť právna |
| 610 | 2 | 0 | |a osoby právnické |
| 610 | 2 | 0 | |a banky |
| 610 | 2 | 0 | |a inštitúcie finančné |
| 610 | 2 | 0 | |a zákony |
| 610 | 2 | 0 | |a novelizácia |
| 100 | 1 | |a Hanuš, Jan | |